000 00420 a2200157 4500
005 20250630065712.0
020 _a0-9-07-284046-3
082 _a301.01 McG
100 _aMcGGee, R.J.
245 _aAnthrop0logical Theory: An Introductory History,
250 _a3rd Ed.
260 _aNew York,
_bMcGraw-Hill Irwin,
_c2004.
300 _axi;620p:
_bBibliography & Index,
_c24cm.
700 _aWARMS, R.L.
942 _2ddc
_cBKS
999 _c6451
_d6451